Distribución de carga de la zona de Guadalupe 3 para el Proyecto de Electrificación Subterránea de San José
محفوظ في:
| المؤلف الرئيسي: | |
|---|---|
| مؤلفون آخرون: | |
| التنسيق: | كتاب |
| منشور في: |
San José, Costa Rica
1997
|
| الموضوعات: | |
| الوسوم: |
إضافة وسم
لا توجد وسوم, كن أول من يضع وسما على هذه التسجيلة!
|
MARC
| LEADER | 00000nam a2200000Ia 4500 | ||
|---|---|---|---|
| 003 | 008641 | ||
| 005 | 20240109143510.0 | ||
| 008 | 140114s1997 cr a m 000 ||s d | ||
| 040 | |c cru CEDI | ||
| 090 | |a TFG 3958 | ||
| 100 | |a Vargas Alfaro, Gabriel |9 8786 | ||
| 245 | |a Distribución de carga de la zona de Guadalupe 3 para el Proyecto de Electrificación Subterránea de San José | ||
| 260 | |a San José, Costa Rica |c 1997 | ||
| 300 | |a x, 57 hojas : 8 planos plegables | ||
| 500 | |a Proyecto de graduación (bachillerato en ingeniería eléctrica)--Universidad de Costa Rica. Facultad de Ingeniería. Escuela de Ingeniería Eléctrica | ||
| 501 | |a Profesor Guía Proyecto Eléctrico: Ing. Roy Guzmán Ramírez | ||
| 650 | |x LINEAS ELECTRICAS SUBTERRANEAS |x DISTRIBUCION DE ENERGIA ELECTRICA |9 8788 | ||
| 700 | |a Beteta Stephen, Antonio, 1959- |9 2117 | ||
| 942 | |c TFG |h TFG 3958 |i 008641 |6 TFG_3958_008641000000000 | ||
| 999 | |c 18537 |d 18537 | ||
